| 000 | 00820nam a2200277Ia 4500 | ||
|---|---|---|---|
| 003 | OSt | ||
| 005 | 20220926020932.0 | ||
| 006 | a|||||r|||| 00| 0 | ||
| 007 | ta | ||
| 008 | 220923b |||||||| |||| 00| 0 eng d | ||
| 020 | _a0387902619 | ||
| 037 | _cGeneral Book | ||
| 040 |
_aRTL _cRTL _beng |
||
| 041 |
_2eng _aeng |
||
| 082 | _aB28xL96, L7 | ||
| 100 |
_aHeyde C C _9325404 |
||
| 245 | 0 |
_aI J Bienaymev _b Statistical theory anticipated |
|
| 260 |
_aNew York _bSpringer-Verlag _c1977 |
||
| 300 |
_axii,172p. _ccm. |
||
| 490 | _aStudies in the history of mathematics and physical Science 3 | ||
| 500 | _aBibliography; p138-64 | ||
| 650 |
_aStatistics _935791 |
||
| 700 |
_a Seneta E _9325405 |
||
| 942 |
_hB28xL96, L7 _cGB _2CC |
||
| 999 |
_c635266 _d635266 |
||